Les alcools qui te rendent le plus bourré - Statistiques

Statistiques générales
  • Ce quiz a été pris 5 590 fois
  • Le résultat moyen est 5 sur 8
Statistiques - réponses
Hint Réponse % Correct
1 vodka
98%
2 Bière
87%
7 whisky
86%
3 rhum
85%
5 rosé
52%
4 vin rouge
50%
8 vin blanc
49%
6 punch
23%
Aucun quiz correspondant
Distribution des résultats
% des personnes avec chaque résultat
Percentile par nombre de réponses
Votre historique - résultats
Vous n’avez pas pris ce quiz